| 000 | 00350nam a2200121Ia 4500 | ||
|---|---|---|---|
| 008 | 220216s9999 xx 000 0 und d | ||
| 100 | _aThomas E V | ||
| 245 | 0 | _aProgress in the production of technically specified rubber in India | |
| 260 |
_bIRRDB Scientific Symposium, Indonesia, 1976 _c1976 |
||
| 650 | _aISNR | ||
| 700 | _aNair K K | ||
| 942 | _cJS | ||
| 999 |
_c65904 _d65904 |
||